000 01064nam0a22003011 4500
001 v19\rc\1288742
005 20060306185030.2
035 _a(NLR Aleph) 004436987
090 _a4348194
_c4348194
100 _a20060306e18521852|||y0rusy50 ca
101 0 _arus
102 _aRU
105 _ay z |||c|
200 1 _aПансионерка
_e(Очерк из мест. нравов)
_f[Евгений Судовщиков]
210 _a[Харьков
_d1852]
215 _a10 с.
_d20
300 _aАвт. указан в конце текста
309 _aБез тит. л. и обл.
311 _aИз № 27 "Харьк. губ. вед." Неофиц. ч., 1852 г.
488 0 _12001#$aХарьковские губернские ведомости$v1852, Неофиц. ч.
700 1 _aСудовщиков
_bЕ. В.
_gЕвгений Васильевич
801 0 _aRU
_bNLR
_gpsbo
801 0 _aRU
_bRuMoRGB
_2psbo
801 1 _aRU
_bProSoft-M
_2rusmarc
852 _aNLR
_j18.232.3.61
899 _aRuMoRGB
_jD 25/161
942 _cBOOK
980 _aNB